00398nam a2200145Ia 450000500170000000800410001702000150005808200170007310000190009024500420010926000420015130000190019365000180021265000220023020240715024242.0240331s9999 xx 000 0 und d a8170361664 a200.042bDHR aDhruvarajan, V 0aHindu women and the power of ideology aNew DelhibVistaar Publicationsc1989 aviii, 168 p ., aHindu Society aSocial psychology